Govt. of
Madhya Pradesh

The history of india an introduction (Record no. 68988)

MARC details
000 -LEADER
fixed length control field 00260nam a22001097a 4500
082 ## - DEWEY DECIMAL CLASSIFICATION NUMBER
Classification number 954/MON
100 ## - MAIN ENTRY--AUTHOR NAME
Personal name Mondini,Umberto
245 ## - TITLE STATEMENT
Title The history of india an introduction
260 ## - PUBLICATION, DISTRIBUTION, ETC. (IMPRINT)
Place of publication Jodhpur
Name of publisher Books treasure
Year of publication 2021
650 ## - SUBJECT ADDED ENTRY--TOPICAL TERM
Topical Term History
942 ## - ADDED ENTRY ELEMENTS (KOHA)
Koha item type Books
Holdings
Withdrawn status Lost status Damaged status Not for loan Home library Current library Date acquired Cost, normal purchase price Full call number Accession Number Price effective from Koha item type
        MACL MACL 08/04/2026 300.00 954/MON CRE040453 08/04/2026 Books